00944nam a2200181 i 4500001000700000003000900007005001700016008004100033100003800074245023500112260007100347300004500418651004700463700005800510852004900568999001900617952012600636181255ES-MaACL20230910212758.0121121s1882 sp |||| | spa d1 aGladstone, Willian Ewart.912734310aCuestiones constitucionales (1873-1878) / cW.[illiam] E.[wart] Gladstone ; traducción directa del inglés de A.R.Ch ; precedida de unos apuntes biográficos con el retrato del autor y un prólogo de D. Francisco Cañamaque. aMadrid : bLib. de Simon y Osler, c1882 (f[Imp. "La Guirnalda"]) aXXIV, 283 p., [1] h de lám. ; c20 cm. 4aGran Bretaña-xHistoria-yS.XIX.91496991 aCañamaque y Jiménez, Francisco,d1851-1891934730 aES-MaACLjD-1178 z.- Legado M. de la Fuente c181255d181255 001040708LIBXIXaATENEOMbATENEOMcSVId2012-12-10eDONl0oD-1178p901190564r2023-02-23 00:00:00w2023-02-23yMONANT